| 000 | 00375nam a22001337a 4500 | ||
|---|---|---|---|
| 040 | _cNUST | ||
| 082 | _a200 THE | ||
| 100 |
_aSehar Shafique _988690 |
||
| 110 |
_aSupervisor Dr. Usman Qamar _988691 |
||
| 245 | _aTH-SOF-1958-Building a Biomedical Onthology on COVID-19 | ||
| 260 |
_aISLAMABAD: _bNUST COLLEGE OF EME, _c2021. |
||
| 650 |
_aMS-CSE-19 _988692 |
||
| 942 |
_2ddc _cBK |
||
| 999 |
_c587736 _d587736 |
||